Statistiques concernant Les films de Martin Scorsese

Cliquez ici pour prendre le quiz!

Statistiques générales

  • Ce quiz a été pris 95 fois
  • Le résultat moyen est 12 sur 27

Statistiques - réponses

AnnéeFilm% Correct
1990Les Affranchis
89%
1976Taxi Driver
85%
2023Killers of the Flower Moon
81%
2013Le Loup de Wall Street
81%
1995Casino
79%
2010Shutter Island
77%
2019The Irishman
73%
2006Les Infiltrés
72%
1980Raging Bull
64%
1973Mean Streets
54%
2004Aviator
53%
2002Gangs of New York
52%
1983La Valse des pantins
40%
2011Hugo Cabret
38%
2016Silence
38%
1977New York, New York
37%
1991Les Nerfs à vif
36%
1988La Dernière Tentation du Christ
32%
1985After Hours
25%
1997Kundun
22%
1986La Couleur de l'argent
22%
1999À tombeau ouvert
21%
1974Alice n'est plus ici
19%
1993Le Temps de l'innocence
17%
1972Bertha Boxcar
16%
1967Who's That Knocking at My Door
11%
1989New York Stories
6%

Distribution des résultats

Percentile par nombre de réponses

% des personnes avec chaque résultat

Votre développement - résultats

Vous n’avez pas pris ce quiz